| 000 | 00560nam a2200157 a 4500 | ||
|---|---|---|---|
| 008 | 120416s1967 ||||||||||||||||| || u | ||
| 050 | _aHF 5549 Mai | ||
| 100 | _aMaier, Ayesha A | ||
| 245 | 1 | 0 | _aSupervisory and executive development |
| 246 | _aa manual for role playing | ||
| 260 |
_aNew York _bJohn Wiley and Sons _c1967 |
||
| 300 | _axi, 330p. : ill. | ||
| 350 | _a0.00 | ||
| 700 | _aMaier, Norman R | ||
| 995 |
_D0.00 _FCBU-MAIN LIBRARY (Kitwe) _H1 _I0.00 _UAVAILABLE _ZAnnex Low-Usage Collection |
||
| 999 |
_c59116 _d59116 |
||